Ocenki ostatkov v asimptotičeskich razloženijach
Salvato in:
| Autore principale: | |
|---|---|
| Natura: | Libro |
| Lingua: | russo |
| Pubblicazione: |
Riga
Zinatne
1986
|
| Edizione: | 1. izd. |
| Tags: |
Nessun Tag, puoi essere il primo ad aggiungerne!!
|
MARC
| LEADER | 00000nam a2200000 4500 | ||
|---|---|---|---|
| 001 | c028216 | ||
| 005 | 20221220074011.5 | ||
| 041 | 0 | |a rus | |
| 044 | |a LV | ||
| 245 | 1 | 0 | |a Ocenki ostatkov v asimptotičeskich razloženijach |c Eduard Janovič Rijekstyn'š |
| 250 | |a 1. izd. | ||
| 264 | 1 | |a Riga |b Zinatne |c 1986 | |
| 300 | |a 359 s. | ||
| 100 | 1 | |a Rijekstyn'š, Eduard Janovič | |